Webová aplikácia pre monitoring parkoviska

Salvato in:
Dettagli Bibliografici
Autore principale: Choma, Marián (Autore)
Altri autori: Cigánek, Ján (Relatore della tesi)
Natura: Manoscritto Libro
Lingua:slovacco
Pubblicazione: Bratislava : STU v Bratislave FEI, 2024
Soggetti:
Accesso online:https://opac.crzp.sk/?fn=detailBiblioFormChildMQQSQ&sid=9A7D98113A4E7D6F09AB7EA0EB46&seo=CRZP-detail-kniha
Tags: Aggiungi Tag
Nessun Tag, puoi essere il primo ad aggiungerne!!

MARC

LEADER 00000ntm a22000003a 4500
001 stuzp97762
003 SK-STU
005 20250430113225.4
007 ta
008 150427s2015----xo-----f-mn---000-0-slo-d
040 |a STU  |b slo 
041 0 |a slo 
044 |a xo 
100 1 |a Choma, Marián  |u 035000  |4 aut  |U FEI Fakulta elektrotechniky a informatiky  |T FEI Ústav informatiky a matematiky  |X 104479  |U E050  |Y 816  |7 104479 
242 0 1 |a Web application for parking lot monitoring  |y eng 
245 1 0 |a Webová aplikácia pre monitoring parkoviska 
260 |a Bratislava :  |b STU v Bratislave FEI,  |c 2024 
300 |a 104 s. 
650 4 |a počítačové videnie  |2 slo 
650 4 |a konvolučné neurónové siete  |2 slo 
650 4 |a parkovanie  |2 slo 
650 4 |a mikroservisy  |2 slo 
650 4 |a parking  |2 eng 
650 4 |a microservices  |2 eng 
650 4 |a computer vision  |2 eng 
650 4 |a convolutional neural networks  |2 eng 
700 1 |a Cigánek, Ján  |u 030400  |k Z1  |4 ths  |U FEI Fakulta elektrotechniky a informatiky  |T FEI Ústav automobilovej mechatroniky  |X 10327  |U E400  |Y 642  |7 10327 
856 4 |u https://opac.crzp.sk/?fn=detailBiblioFormChildMQQSQ&sid=9A7D98113A4E7D6F09AB7EA0EB46&seo=CRZP-detail-kniha